Normal view
MARC view
Entry Topical Term
001 - CONTROL NUMBER
- control field: 33960
003 - CONTROL NUMBER IDENTIFIER
- control field: OSt
005 - DATE AND TIME OF LATEST TRANSACTION
- control field: 20160121171042.0
008 - FIXED-LENGTH DATA ELEMENTS
- fixed length control field: 160121|| aca||aabn | a|a d
040 ## - CATALOGING SOURCE
- Original cataloging agency: OSt
- Transcribing agency: OSt
150 ## - HEADING--TOPICAL TERM
- Topical term or geographic name entry element: Social Problem Services
670 ## - SOURCE DATA FOUND
- Source citation: Work cat.: (OSt)30626: गूप्ता ओ.पी 33959, आर.गूप्ता क्त पापलर मास्टर गाइड केन्द्रीय रिजर्व पुलिस बल , 2002









